| 000 | 01002nam a2200313 a 4500 | ||
|---|---|---|---|
| 001 | 000010400 | ||
| 003 | DO-SdBPM | ||
| 005 | 20260601090016.0 | ||
| 007 | ta | ||
| 008 | 091007s2002 dr 001 f spa d | ||
| 020 | _a9993431192 | ||
| 040 |
_aDO-SdBPM _bspa _cBPMSU _drda |
||
| 049 | _a | ||
| 082 | 4 |
_aRD861.44 _bL453b 2002 _222 |
|
| 100 | 1 |
_aLebrón Saviñón, Mariano _d1922 -2014 _4aut. _eautor |
|
| 245 | 1 | 0 |
_aBajo la cruz del sueño / _cMariano Lebrón Saviñón. |
| 260 | _c | ||
| 264 |
_aSanto Domingo : _bBiblioteca Nacional Pedro Henríquez Ureña: _bAPEC, _c2002 |
||
| 300 |
_a45 páginas ; _c23 cm. |
||
| 336 |
_atexto _btxt _2rdacontent |
||
| 337 |
_asin mediación _bn _2rdamedia |
||
| 338 |
_avolumen _bnc _2rdacarrier |
||
| 490 | 0 |
_aBiblioteca Nacional Pedro Henríquez Ureña ; _aPoesía, _v13/3 |
|
| 590 | _aInventariado, 2026/VM | ||
| 650 | 7 | _aPoesía dominicana | |
| 650 | 7 | _aLiteratura dominicana | |
| 910 | _aVMateo V. Control de calidad BPMSU | ||
| 942 |
_2ddc _cBK |
||
| 999 |
_c15886 _d15886 |
||